Loading...
| History - European | 0 | 4 | 1 | 1 | 35 | 25 | 62.25 | 0 | 1 | 14.26 | 17.17 |
| Science - Chemistry | 0 | 4 | 1 | 0 | 35 | 27 | 66.00 | 0 | 2 | 11.89 | 21.21 |
| Social Science | 0 | 3 | 0 | 0 | 30 | 16 | 28.33 | 2 | 3 | 27.47 | 34.72 |
| Mythology | 0 | 3 | 0 | 0 | 30 | 72 | 75.00 | 1 | 1 | 8.88 | 15.15 |
| Religion | 0 | 2 | 0 | 0 | 20 | 19 | 43.00 | 1 | 1 | 10.25 | 12.12 |
| History - Other | 0 | 2 | 0 | 1 | 20 | 104 | 107.00 | 0 | 0 | 0.25 | 6.06 |
| Literature - European | 0 | 2 | 0 | 0 | 20 | 51 | 52.50 | 0 | 1 | 10.12 | 13.13 |
| Literature - World | 0 | 2 | 0 | 0 | 20 | 68 | 87.00 | 0 | 0 | 5.08 | 8.08 |
| Current Events | 0 | 2 | 0 | 0 | 20 | 65 | 85.00 | 0 | 0 | 7.86 | 20.00 |
| Philosophy | 0 | 2 | 0 | 0 | 20 | 98 | 101.50 | 0 | 0 | 1.13 | 4.94 |
| Geography | 0 | 2 | 0 | 0 | 20 | 84 | 101.50 | 0 | 0 | 3.37 | 13.33 |
| History - American | 0 | 2 | 1 | 0 | 15 | 48 | 65.00 | 0 | 0 | 7.06 | 10.10 |
| Science - Physics | 0 | 1 | 0 | 0 | 10 | 99 | 99.00 | 0 | 0 | 0.76 | 2.02 |
| Fine Arts - Classical Music | 0 | 1 | 1 | 0 | 5 | 106 | 106.00 | 0 | 0 | 0.00 | 2.02 |
| Science - Other | 0 | 1 | 1 | 0 | 5 | 100 | 100.00 | 0 | 0 | 0.90 | 3.03 |
| Popular Culture | 0 | 1 | 1 | 0 | 5 | 78 | 78.00 | 0 | 0 | 4.85 | 5.56 |
| Science - Biology | 0 | 0 | 1 | 0 | -5 | 0.00 | 0 | 0 | 0.00 | 0.00 |